000 01578cam a2200145 4500500
005 20260405085539.0
041 _afre
042 _adc
100 1 0 _aDarbord, Bernard
_eauthor
700 1 0 _aDelage, Agnès
_eauthor
245 0 0 _aLe partage du secret : Cultures du dévoilement et de l’occultation en Europe, du Moyen Âge à l'époque moderne
260 _bArmand Colin,
_c2013.
520 _aLe secret et le dévoilement représentent les deux faces d’une même pièce, que la littérature se plaît à mettre en scène. Paradoxalement, le secret ne peut être identifié comme tel qu’au moment de sa révélation, même partielle. L’idéal médiéval du partage du secret conférait à autrui une haute reconnaissance dans une intimité pure de toute dissimulation. À la Renaissance, il cède la place à une fascination nouvelle pour le secret, qui devient un instrument de contrôle social et une technique de domination politique. Les œuvres littéraires du XVe au XVIIe siècle révèlent la passion pour ce « tourniquet métaphysique du secret », selon les termes de Louis Marin. Désormais, on exhibe simultanément le pouvoir et la vanité du spectacle du secret, en jouant avec virtuosité de sa propre dénudation. Dirigé par Bernard Darbord et Agnès Delage, cet ouvrage pluridisciplinaire retrace, sur la longue durée, les reconfigurations que connaît la culture du secret en Europe, entre le Moyen Âge et l’époque moderne.
856 4 1 _uhttps://shs.cairn.info/le-partage-du-secret--9782200277208?lang=fr&redirect-ssocas=7080
999 _c2198422
_d2198422